Romeo nunca está contento /
Romeo es un hurón gruñón que nunca está de buen humor. Es un poco engreído y no sabe muy bien cómo comportarse con sus amigos. Salvo con Rosa...
Guardado en:
| Autor Principal: | |
|---|---|
| Otros Autores: | |
| Formato: | Libro |
| Publicado: |
Buenos Aires :
Adriana Hidalgo Editora,
2013
|
| Series: | Pípala
|
| Materias: | |
| Etiquetas: |
Agregar Etiqueta
Sin Etiquetas, Sea el primero en etiquetar este registro!
|
| LEADER | 01220nam a22003015a 4500 | ||
|---|---|---|---|
| 001 | CEM.cems015332 | ||
| 008 | 130507s2013##################000#0#####d | ||
| 005 | 20250407155300.0 | ||
| 245 | 1 | 0 | |a Romeo nunca está contento / |c Hiroko Ohmori ; traducido Por Mónica Kogiso |
| 260 | |a Buenos Aires : |b Adriana Hidalgo Editora, |c 2013 | ||
| 300 | |a 64 p. | ||
| 490 | 0 | |a Pípala | |
| 500 | |a Título original: Yokoshima-kun | ||
| 520 | |a Romeo es un hurón gruñón que nunca está de buen humor. Es un poco engreído y no sabe muy bien cómo comportarse con sus amigos. Salvo con Rosa... | ||
| 020 | |a 9789871923069 | ||
| 100 | 1 | |a Ohmori, Hikoro | |
| 700 | 1 | |a Kogiso, Mónica; trad. | |
| 082 | 0 | 4 | |a 895.6 |
| 653 | |a Literatura | ||
| 653 | |a Literatura japonesa | ||
| 653 | |a Literatura infantil | ||
| 653 | |a Cuentos infantiles | ||
| 653 | |a Colección ciencias de la educación | ||
| 653 | |a Libro Álbum | ||
| 859 | |a CEMS |b BIB. CEMS - Inicial y Primaria |h 895.6 |i Oh4-1 |k IP |p 3902 |t Ej.1 | ||
| 859 | |a CEMS |b BIB. CEMS - Ccias. Educacion |h 895.6 |i Oh4 |k CE |p 28591.19 |t Ej.1 | ||
| 859 | |a CEMS |b BIB. CEMS - Ccias. Educacion |h 895.6 |i Oh4 |k CE |p 28646.19 |t Ej.2 | ||
| 859 | |a CEMS |b BIB. CEMS - Ccias. Educacion |h 895.6 |i Oh4 |k CE |p 28647.19 |t Ej.3 | ||
